[Event "Tal Memorial"]
[Site "Moscow"]
[Date "2007.11.17"]
[Round "7"]
[White "GM Ivanchuk, Vassily(UKR)"]
[Black "GM Leko, Peter(HUN)"]
[Result "1/2-1/2"]
[WhiteElo "2787"]
[BlackElo "2755"]
[Annotator "Ëåáåäåâ Âàñèëèé"]
[PlyCount "41"]
[EventDate "2007.11.17"]

{Òî, ÷òî Âàñèëèé Ìèõàéëîâè÷, ìÿãêî ãîâîðÿ, íå â ôîðìå, íàãëÿäíî äîêàçûâàåò åãî
ïàðòèÿ ñ Ïåòåðîì Ëåêî. Ñàìîñòîÿòåëüíàÿ èãðà, â êîòîðîé óëîæèëàñü ðîâíî â îäèí
õîä.} 1. d4 Nf6 2. c4 e6 3. Nf3 b6 4. g3 Ba6 5. b3 Bb4+ 6. Bd2 Be7 7. Bg2 c6 8.
Bc3 d5 9. Ne5 Nfd7 10. Nxd7 Nxd7 11. Nd2 O-O 12. O-O Rc8 13. e4 c5 14. exd5
exd5 15. dxc5 dxc4 16. cxb6 {Í-äà...} ({Íî íà äîðîæêå, íà÷èíàþùåéñÿ ñ} 16. c6
{, ïî-ìîåìó, âñ¸ ÿñíî.} cxb3 17. Re1 b2 18. Bxb2 Nc5 19. Nc4 Bxc4 20. Qg4 Bg5
21. Qxc4 Nd3 22. Be5 Nxe1 23. Rxe1 Bf6 24. Bxf6 Qxf6 25. c7 Qd6 26. Rc1 b5 27.
Qc2 g6 ({ïëîäîòâîðíàÿ èäåÿ áûëà ïðîäåìîíñòðèðîâàíà, íî íå äîâåäåíà äî êîíöà,
áåëûìè â ñëåäóþùåé ïàðòèè} 27... b4 28. Bb7 g6 29. h4 h5 30. Kf1 a5 31. Qc6 $1
Qxc6 32. Rxc6 a4 33. Ke2 b3 34. axb3 axb3 35. Kd2 Rfe8 36. Ba6 $4 (36. Bxc8 $1
Rxc8 37. Kc3 Kf8 38. Kxb3 Ke7 39. Kc4 Kd7 40. Kd5 $18 {
, âåäü «ïåøå÷íèê», âîçíèêàþùèé ïîñëå} Rxc7 41. Rxc7+ Kxc7 42. Ke5 Kd7 43.
Kf6 Ke8 44. f4 {ïðîèãðàí äëÿ ÷¸ðíûõ...}) 36... b2 37. Kc2 Re6 38. Rxe6 Rxc7+
39. Kxb2 fxe6 40. Kb3 Rc1 {
0-1 Sasikiran,K (2690) - Shirov,A (2699)/Foros UKR 2007}) 28. Bb7 Rfe8 29. Kf1
h5 30. h4 b4 $1 31. Qc4 ({òåïåðü óæå íè÷åãî íå äà¸ò} 31. Qc6 Qxc6 32. Rxc6 Kf8
33. Bxc8 Rxc8 34. Ke2 Ke7 35. Kd3 Kd7 36. Rf6 Ke7 37. Rc6) 31... Kg7 32. Qc6 {
(1/2 Rodshtein,M (2586) - Rohit,G (2491)/Yerevan ARM 2007).}) 16... Nxb6 17.
Re1 cxb3 ({Ïåòåð ïðèìåíÿåò òóò ëîêàëüíîå (òî åñòü íîâîå äëÿ ñåáÿ ïðîäîëæåíèå).
Ðàíåå îí ïðîòèâ Ðàäæàáîâà ïðîäîëæàë} 17... Bf6 18. Bxf6 Qxf6 19. Ne4 Qg6 {
È â ýòîé ïîçèöèè âåñíîé, â Äàãîìûñå, Òåéìóð ïðèãîòîâèë óñèëåíèå.} 20. Qd2 $5 ({
ïðîòèâ Ëåêî îí èãðàë} 20. Qd6 Qxd6 21. Nxd6 Rcd8 22. Nf5 g6 23. Ne3 Rfe8 24.
Bf1 Re5 25. bxc4 Rc5 26. Rec1 Rdc8 {, ïîñëå ÷åãî âåíãåðñêèé ãðîññìåéñòåð
äîëãî-äîëãî ñòðàäàë áåç ïåøêè, íî â èòîãå âñ¸ æå ïîëó÷èëàñü íè÷üÿ - 1/2
Radjabov,T (2700)  - Leko,P (2740)/Morelia/Linares 2006}) 20... Bb7 21. Qa5 Bd5
22. bxc4 Rxc4 23. Qxa7 {Öàï-öàðàï ïåøå÷êó.} Ra4 24. Qc7 Bxe4 25. Bxe4 Rxe4 26.
Rxe4 Qxe4 27. Qxb6 Qa4 28. Qb3 Qa5 29. a4 {, è áåëûå äîâåëè ýòîò ýíäøïèëü äî
ïîáåäû - 1-0 Radjabov,T (2747) - Shomoev,A (2551)/Sochi RUS 2007 (50).}) 18.
Qxb3 Nd7 19. Nf3 {Ãì-ì... Òóäà ëè ñêà÷åò áåëûé êîíü? Îêàçûâàåòñÿ òóäà. Ê òîìó
æå, ñòàâèòñÿ íåáîëüøàÿ ëîâóøå÷êà.} (19. Ne4 Nc5 20. Nxc5 {
(1/2 Topalov,V (2783) - Aronian,L (2744)/Morelia/Linares MEX/ESP 2007)}) 19...
Bc4 ({Íà «åñòåñòâåííîå»} 19... Nc5 $5 {, âîçìîæíî, ñëåäóþùåå} 20. Qa3 Nd3 $140
$6 (20... Ne4 $5) 21. Qxe7 Rxc3 22. Qxd8 Rxd8 23. Re7 Bc4 24. Rxa7 {
Áåëûå âûèãðûâàþò ïåøêó, èáî ñîâñåì íå ñòðàøíûì îêàçûâàåòñÿ} Rc1+ 25. Rxc1 Nxc1
26. Rc7 $1 Rd1+ {ââèäó} 27. Bf1 $1 {
È, òàê êàê ÷¸ðíûì ñàìèì ãðîçèò ìàò ïî 8-é, áåëûå ñîõðàíÿþò ïåðåâåñ.} Be6 (
27... Rxf1+ 28. Kg2 Ba6 29. Ra7 g6 30. Rxa6 {è ò.ä.}) 28. Ng5 Nxa2 29. Nxe6
fxe6 30. Re7 Nb4 31. Rxe6 {, è áåëûì óäàëîñü äîâåñòè äåëî äî ïîáåäû. (1-0
Benassi,A (2225) - Cerqueira Filho,R/ICCF Email 2000/MegaCorr4 (62)).}) 20. Qa4
$146 (20. Qb2 Bf6 21. Bxf6 Nxf6 22. Ne5 Bd5 23. Rad1 Qa5 24. Bxd5 Nxd5 25. Qb7
Nb4 26. Rd7 Nc6 27. Nd3 Qxa2 28. Rc1 Qe6 29. Nf4 Qe8 30. Nd5 Rd8 31. Rxd8 {
(1/2 Hase,W (2532) - Brenke,A (2590)/corr ICCF 1999/MegaCorr4)}) ({
Íè÷åãî íå ñìîãóò äîáèòüñÿ áåëûå (îñîáåííî ïðîòèâ Ëåêî!) è ïîñëå} 20. Qc2
Bf6 21. Bxf6 $140 Nxf6 22. Qa4 Bd5 $5 23. Qxa7 (23. Rad1 Qb6) 23... Ra8 24. Qe3
Rxa2 25. Rxa2 Bxa2 {è ò.ä.}) 20... Be6 21. Bb4 {
È ââèäó ïðèáëèæåíèÿ Âåëèêîé Ñóøè ñîïåðíèêè ñîãëàñèëèñü íà íè÷üþ.} 1/2-1/2

[Event "Tal Memorial"]
[Site "Moscow"]
[Date "2007.11.17"]
[Round "7"]
[White "GM Jakovenko, Dmitry(RUS)"]
[Black "GM Kramnik, Vladimir(RUS)"]
[Result "1/2-1/2"]
[WhiteElo "2710"]
[BlackElo "2785"]
[Annotator "Ëåáåäåâ Âàñèëèé"]
[PlyCount "60"]
[EventDate "2007.11.17"]

{À âîò èíòåðåñíî, ñìîæåò ëè Àíàíä ïðîáèòü Ðóññêóþ ïàðòèþ â áóäóùåì ìàò÷å ñ
Êðàìíèêîì? Ñóäÿ ïî âñåì, òóò ó Âëàäèìèðà íîâèíîê ñòîëüêî æå, ñêîëüêî è â
«áåëîì êàòàëîíå». Åñëè íå áîëüøå!} 1. e4 e5 2. Nf3 Nf6 3. Nxe5 d6 4. Nf3 Nxe4
5. d4 d5 6. Bd3 Nc6 7. O-O Be7 8. c4 Nb4 9. Be2 O-O 10. Nc3 Bf5 11. a3 Nxc3 12.
bxc3 Nc6 13. Re1 Re8 14. cxd5 Qxd5 15. Bf4 Rac8 16. Bd3 Qd7 17. Rb1 b6 18. d5
Bxd3 ({Æåëàþùèõ «âûèãðûâàòü» ìàòåðèàë ïîñëå} 18... Qxd5 {
îáíàðóæåíî íå áûëî. Îíî è ïîíÿòíî:} 19. Bb5 Qc5 20. Be3 $1 ({õóæå} 20. Qa4 Bxb1
21. Rxb1 Qf5 $1) 20... Qd6 21. Qa4 Bxb1 22. Rxb1 Qxa3 23. Qxa3 Bxa3 24. Bxc6 {
è ò.ä.}) 19. Qxd3 Bxa3 $146 {Åñëè ïîñìîòðåòü íà ïîçèöèþ ñêâîçü âîëøåáíóþ
«ðûáíóþ» ÷åøóþ, òî ýòîò õîä êàæåòñÿ î÷åâèäíûì. ;)} ({Ïîñëå} 19... Bf6 {
÷¸ðíûå â ñëåäóþùåé ïàðòèè èñïûòûâàëè òðóäíîñòè, íî âñ¸ æå îòáèëèñü:} 20. c4
Ne7 21. Rbd1 Rcd8 22. h3 Ng6 23. Bg3 h6 24. Qb3 Re7 25. a4 Rde8 26. Rxe7 Nxe7
27. Re1 c6 28. Be5 cxd5 29. Bxf6 dxc4 30. Qxc4 gxf6 31. Nh4 Kf8 32. Qf4 Ng8 33.
Qb4+ (33. Rc1 $142 $1) 33... Re7 34. Rc1 Kg7 35. g4 Re8 36. Nf5+ Kh7 37. Qc4
Re5 38. Qb4 Ne7 {(1/2 Leko,P (2738) - Kramnik,V (2772)/Dortmund GER 2007).})
20. Ng5 $1 {Âïåð¸ä!} g6 $1 ({Ðàçìåí îäíîé ïàðû ëàäåé äåëó ìèðà íà ïëàíåòå â
öåëîì è, â ÷àñòíîñòè, íà ýòîé äîñêå íå ñïîñîáñòâîâàë:} 20... Rxe1+ 21. Rxe1 g6
22. Ne4 ({â ïðèíöèïå, ìîæíî è ñâåðíóòü èãðó -} 22. Qb5 Nb8 23. Qd3 Nc6 24. Qb5
{ñ ïîâòîðîì õîäîâ}) 22... Be7 ({ãðîçèëà âèëêà íà f6; ïëîõî} 22... Qf5 23. Qf3
Na5 $140 24. g4 Qxd5 25. Nf6+) 23. Qd2 $1 Nd8 $140 (23... Na5 24. Bh6 $36) 24.
Be5 $5 {
È âïîëíå âîçìîæíî, ñëåäóþùåå «òîïòàëîâî è ìî÷èëîâî» ïîçèöèè ÷¸ðíûõ -} ({
èëè} 24. Bh6 f6 25. Qf4 Qf5 26. Qxf5 gxf5 27. Ng3 Bd6 28. Nxf5 Kf7 {
, è îñîáîãî áåëîãî ïåðåâåñà íå íàáëþäàåòñÿ}) 24... Qf5 $6 ({íî} 24... Nb7 $142
$1 {è äàëåå} 25. Qh6 f6 26. Bxf6 ({ïîñëàáåå} 26. Nxf6+ {ââèäó} Bxf6 27. Bxf6
Qf7 {, â òîì ÷èñëå è ñ òàêîé çàùèòíîé èäååé:} 28. Qh4 Nd6 29. Re7 Re8 $1) ({
íå âûèãðûâàåò, ê ìîåìó áîëüøîìó ñîæàëåíèþ, è} 26. Ng5 {èç-çà} Bf8 $1) 26...
Bf8 {- ïîõîæå, ÷¸ðíûå îòáèëèñü.}) 25. Bxc7 $1 Rxc7 26. d6 {è ò.ä.}) 21. Ne4 {
Ãðîçèò Nf6+.} Be7 ({Ñëàáåå} 21... Qf5 22. Bxc7 $1 Ne5 ({ïîñëå} 22... Rxc7 {
ïðèä¸òñÿ ðàñïðîùàòüñÿ ñ êà÷åñòâîì-} 23. Nf6+ {è ò.ä.}) 23. Bxe5 Rxe5 (23...
Qxe5 24. d6 $1) 24. c4 $14) {Ñóäÿ ïî ïîòðà÷åííîìó âðåìåíè, Äìèòðèé ýòè è èì
ïîäîáíûå âàðèàíòû ïðèøëîñü «ïîäíèìàòü» çà äîñêîé. À âîò Âëàäèìèð âñ¸ ýòî
âñåãî ëèøü «èñïîëíÿë».} 22. Rbd1 {
Îïÿòü, ïîñëå äëèòåëüíîãî ðàçìûøëåíèÿ ñûãðàíî.} ({
«Ñîâàòüñÿ» â âàðèàíòû, íà÷èíàþùèåñÿ ñ} 22. Qb5 Qf5 23. Bxc7 $5 {áåç ïîäãîòîâêè
 âåñüìà îïàñíî. À âàðèàíòû òóò ïîëó÷àþòñÿ âåñüìà èíòåðåñíûå, ñ îáèëèåì
õîäîâ, çàñëóæèâàþùèõ «âîñêëèêîâ». À èìåííî -} Bc5 $1 ({ñëàáåå} 23... Rxc7 {
èç-çà} 24. Nd6 $1 Bxd6 25. Rxe8+ Kg7 26. dxc6 Qxb5 27. Rxb5 Rxc6 28. Rb3 a5 29.
Ra8 Bb4 $140 30. Ra6 $1 {
, ïîòîì áåëûå âûâîäÿ êîðîëÿ â öåíòð, è íà÷èíàþò «ìóðûæèòü» ïðîòèâíèêà...})
24. Nxc5 Rxe1+ 25. Rxe1 Qxd5 $1 ({ñëàáî} 25... Rxc7 26. d6 $1 {(ñàìîå ÷¸òêîå)}
Rc8 27. d7 Rd8 28. Qxc6 bxc5 29. Rd1 ({íî íå} 29. Re8+ Kg7 $1 {
, è ñëàáîñòü ïåðâîé ãîðèçîíòàëè ëîìàåò áåëûì âåñü êàéô}) 29... Qc2 30. Qd6 Qxc3
31. Qc7 Qf6 32. Re1 Kf8 33. g3 h5 34. Qc8 {è Re8+-}) 26. Bxb6 $1 Rb8 $1 27. c4
Qd2 28. Nd3 $1 Rxb6 $1 ({áîëåå íåîïðåäåë¸ííî} 28... Qxd3 29. Qxc6 Qc3 30. Ba5
$1 Qxa5 31. Rd1 {è ò.ä.}) 29. Qd5 Nb4 30. Re8+ Kg7 31. Qd4+ Kh6 32. Qh4+ Kg7
33. Qd4+ {, è ëó÷øå ñîãëàñèòüñÿ íà ïîâòîðåíèå øàõîâ. Ïîòîìó ÷òî} Rf6 {
âñòðå÷àåòñÿ} (33... Kh6 $11) 34. Qc5 $1 {
, ïîñëå ÷åãî ó ÷¸ðíûõ ìîãóò âîçíèêíóòü ïðîáëåìû:} Qd1+ $8 ({ïðîèãðûâàåò} 
34... Kh6 35. Qf8+ Kh5 36. Re5+ g5 37. Qg7 $1 $18 {, íàïðèìåð,} Nxd3 38. Qxh7+
Rh6 39. Qxf7+ Rg6 40. Qh7+ Rh6 41. g4+ $1 Kxg4 42. Qd7+ {è ò.ä.}) 35. Ne1 Qd6
36. Qxa7 {è ò.ä.}) 22... f5 $1 {Òåïåðü áåëûì íàäî «ñîñêàêèâàòü».} 23. d6 {
Êàê îêàçàëîñü - ñàìûé âåðíûé ïóòü ê íè÷üåé.} ({Íå ìîæåò ïîðàäîâàòü} 23. dxc6
Qxd3 24. Rxd3 fxe4 25. Rd7 Bf6 {
, ÷¸ðíûå, êàê ìèíèìóì, ñîõðàíÿþò ëèøíþþ ïåøêó -} 26. Bxc7 Re6 $1 27. Bf4
Bxc3 28. Red1 Rexc6 29. Rxa7 b5 {è ò.ä.}) 23... cxd6 24. Qd5+ Kh8 ({Åñëè} 24...
Kg7 {, òî} 25. Bxd6 $1 {è íåëüçÿ} fxe4 $4 {ââèäó} 26. Be5+) 25. Nxd6 Bxd6 26.
Bxd6 ({Ïîñëå} 26. Qxd6 $2 Rxe1+ 27. Rxe1 Qxd6 28. Bxd6 Rd8 $17 {
Êðàìíèê íà íè÷üþ áû íå ñîãëàñèëñÿ...}) 26... Rxe1+ 27. Rxe1 Re8 {
Ëàäüè ñ äîñêè äîëîé!} 28. Rxe8+ Qxe8 29. h3 h6 30. c4 Kh7 {È òàê, êàê Âëàäèìèð
íå ñòàë èñêàòü ïóòè ðåàëèçàöèè ñâîåãî ïðåèìóùåñòâà, òî ìû èõ (â îòâåò ;)) íå
áóäåì ïðåäëàãàòü.} ({À åñëè ñåðü¸çíî, òî ïîñëå} 30... Kh7 31. Bf4 $1 {
ýòèõ ñàìûõ ïëàíîâ íå î÷åíü-òî è âèäíî! Áîëåå òîãî, òðóäíî äàæå ïðåäëîæèòü çà
÷¸ðíûõ íå÷òî ðàçóìíîå!} {«Ê ñ÷àñòüþ» íàõîäèòñÿ} Qe1+ 32. Kh2 Qe8 33. Kg1
$11) 1/2-1/2

[Event "Tal Memorial"]
[Site "Moscow"]
[Date "2007.11.17"]
[Round "7"]
[White "GM Alekseev, Evgeny(RUS)"]
[Black "GM Shirov, Alexei(ESP)"]
[Result "0-1"]
[WhiteElo "2716"]
[BlackElo "2739"]
[Annotator "Ëåáåäåâ Âàñèëèé"]
[PlyCount "94"]
[EventDate "2007.11.17"]

1. d4 Nf6 2. c4 g6 3. g3 c6 4. Nf3 d5 5. Qb3 Bg7 6. Bg2 O-O 7. O-O Qb6 8. Nc3
Bf5 9. Ne5 e6 10. Bf4 Nbd7 11. Qxb6 axb6 12. f3 Nxe5 13. Bxe5 g5 14. e4 Bg6 15.
cxd5 {Äî ñèõ ïîð èãðîêè «öèòèðîâàëè» îäíó äàâíèøíþþ ïàðòèþ.} (15. b3 Rfd8
16. Rfd1 dxe4 17. fxe4 Ng4 18. Bxg7 Kxg7 19. Bf3 h5 20. Rd2 Ne5 21. Bg2 c5 22.
d5 Nc6 23. Rad1 Nd4 24. e5 exd5 25. cxd5 Re8 26. Re1 Nc2 27. Ree2 Nd4 28. Re1
Nc2 29. Rxc2 Bxc2 30. d6 Bf5 31. Bxb7 Rad8 32. Bc6 Re6 33. Bd5 Rdxd6 34. Bxe6 {
(1/2 Kramnik,V (2790) - Shirov,A (2710)/Cazorla 1998).}) 15... exd5 16. Rad1
Rfd8 $146 {
Áûòü ìîæåò, ýòà íîâèíêà æäàëà ñâîåãî ÷àñà ñ òîãî ïàìÿòíîãî ìàò÷à â Êàçîðëå?}
(16... b5 $145 17. a3 dxe4 18. fxe4 Nd7 19. Bd6 Rfe8 20. e5 Nb6 21. d5 Rac8 22.
Bh3 Ra8 23. Bc7 Nxd5 24. Nxd5 cxd5 25. Rxd5 Be4 26. Rd7 Bg6 27. Bf5 Bxe5 28.
Bxg6 fxg6 29. Bxe5 Rxe5 30. Rff7 Rc8 31. Rg7+ Kf8 32. Rxh7 Kg8 33. Rdg7+ Kf8
34. Rxb7 Kg8 35. Rbg7+ Kf8 36. Rf7+ Kg8 37. Rhg7+ Kh8 38. Rxg6 b4 39. axb4 Rb8
40. Rd6 Re2 41. Rf2 Re1+ 42. Kg2 Rxb4 43. Rd7 Re8 44. Rd5 g4 45. Rdf5 Reb8 46.
Kg1 Rxb2 47. Rxb2 Rxb2 48. Rh5+ Kg7 49. Rg5+ Kh6 50. Rxg4 Kh5 51. Rh4+ Kg5 52.
Rf4 Ra2 53. Rf2 Ra4 54. Kg2 Kg4 55. Re2 Rb4 56. h3+ Kf5 57. Kf3 {
(1-0 Mikhalevski,V (2500) - Vydeslaver,A (2440)/Jerusalem 1996).}) (16... dxe4
$145 17. fxe4 Ng4 18. Bxg7 Kxg7 19. Rfe1 b5 20. a3 Rfd8 21. h3 Nf6 22. e5 Nh5
23. Kf2 Rdc8 24. d5 cxd5 25. Rxd5 b4 26. axb4 Rc7 27. b5 Re8 28. b6 Rce7 29.
Nb5 Rc8 30. Nc7 Rf8 31. Bf3 h6 32. Red1 Rc8 33. R1d4 Rb8 34. b4 Rc8 35. Rc5 Rb8
36. Rd2 Kf8 37. Ra2 Rd7 38. Rd5 Rxd5 39. Bxd5 Ng7 40. Ra7 {
(1-0 Wojtkiewicz,A (2568) - Sandhu,H (2020)/FIDE.com 2001).}) 17. a3 ({
Ðàçóìååòñÿ, ïåøêó ÷¸ðíûå íå çåâíóëè -} 17. Bc7 Rdc8 18. Bxb6 $140 $6 Nd7 $1
19. Bc5 Nxc5 20. dxc5 d4 {è ò.ä.}) 17... dxe4 18. fxe4 Ne8 $1 {Êîíþ, ïî ñðàâíåíèþ
 ñ ïàðòèåé Âîéòêåâè÷ - Ñàíäõè, ÷¸ðíûå ãîòîâÿò ñîâñåì äðóãóþ ñóäüáó.} 19.
Bxg7 Kxg7 20. Rfe1 Nd6 {
×èñòîé âîäû ãèïåðìîäåðíèçì! Íå çàõâàò öåíòðà, à åãî àòàêà!} 21. Bf1 {
Êîíü ÷¸ðíûõ ãðîçèë ïðîäîëæèòü ñâî¸ ïóòåøåñòâèå (òðàíçèòîì ÷åðåç ñ4).} f6 22.
Kf2 ({Áûòü ìîæåò (ïî ãàìáóðãñêîìó ñ÷¸òó), áåëûì ñëåäîâàëî ïðèçíàòü, ÷òî
ïàðòèÿ íå ñëîæèëàñü è ïîïðîáîâàòü âñ¸ óïðîñòèòü -} 22. e5 $5 fxe5 23. dxe5 ({
ìîæíî ïîäóìàòü è î} 23. Rxe5 $5 h6 $140 (23... Kf6 24. Rd2 $1) 24. d5 $1) 23...
Nf7 24. Rxd8 Rxd8 25. e6 Re8 $140 26. Bh3 h5 27. Na4 $1 g4 (27... b5 28. Nc5
Re7 29. Nxb7 $1) 28. Bg2 Bf5 29. Nxb6 Rxe6 $11) 22... b5 23. Bd3 {
Áåëûå ïðîäîëæàþò «ïëîòíûå» ìàí¸âðû.} ({
ñ÷èòàÿ, ÷òî âðåìÿ äëÿ ðåçêèõ òåëîäâèæåíèé (íàïðèìåð,} 23. e5 $5 {
) ïîêà íå ïðèøëî.}) 23... Nf7 24. Bb1 Rd7 {Èãðà ïî ïëàíó.} ({
Íî, ïî âñåé âèäèìîñòè, òåïåðü óæå äëÿ ÷¸ðíûõ íàñòóïèëî âðåìÿ òàêòèêè -} 24...
Bh5 $5 25. Rd3 ({â ñëó÷àå} 25. Rd2 $2 {ñëåäóåò} Ne5 $1 {
, è ïîçèöèÿ áåëûõ ðóøèòñÿ}) 25... Nd6 {
Êîíü íàìåðåâàåòñÿ âòîðãíóòñÿ íà ñ4. À åñëè} 26. Ba2 {, òî} b4 $1 27. axb4 Nb5
28. Bc4 Nxd4 {è ò.ä.}) 25. Ba2 $6 {Ïðîñ÷¸ò? Ïåðåîöåíêà ñâîèõ âîçìîæíîñòåé?} ({
Ñàìûé òðóäíûé ìîìåíò âî âðåìÿ ïàðòèè, ýòî îïðåäåëèòü, ÷òî ïðèøëà ïîðà
îòêàçàòüñÿ îò ÷åñòîëþáèâûõ çàìûñëîâ è ïåðåõîäèòü ê îáîðîíå...} 25. h3 $5 Nd6
$140 26. Bd3) 25... Bh5 $1 26. Be6 {âñ¸ îñòàëüíîå õóæå.} ({Åñëè} 26. Rd2 {, òî}
Ne5 $1) ({èëè} 26. Rd3 Ne5 $1) ({Íå ëó÷øå è êîðÿâîå} 26. Ne2 Re8 {è ò.ä.})
26... Re7 27. g4 Rxe6 28. gxh5 Kh6 $15 29. d5 {Åäèíñòâåííàÿ êîíòðèäåÿ.} Re7 30.
Ne2 {Ïûòàÿñü àêòèâèçèðîâàòüñÿ. Íî óæ ñëèøêîì äîðîãî çà ýòî ïðèä¸òñÿ çàïëàòèòü.}
({Âðîäå, óïîðíåå} 30. d6 {è äàëåå} Re6 $1 ({ñëàáåå} 30... Rd7 31. e5 $1 Nxe5 32.
Ne4 $132) 31. e5 Nxe5 32. Ne4 Rae8 {
è ò.ä. Íî ôèãóð çäåñü íà äîñêå ìíîãî, à âðåìÿ ïîäæèìàåò...}) 30... Rxe4 31.
dxc6 bxc6 32. Ng3 Rxe1 33. Kxe1 Rd8 {Ãì-ì. Êàê èçâåñòíî, «êîíåâîé, êàê
ïåøå÷íûé». À òóò áåëûå ñîçäàþò îòäàë¸ííóþ ïðîõîäíóþ. Íî îêàçûâàåòñÿ, ÷òî
âñ¸ ïîä êîíòðîëåì.} ({Íåïëîõî è} 33... Ra4 $5 34. Rd7 Ne5 35. Rd6 Rf4 36. Ke2
g4 {è ò.ä.}) 34. Rxd8 Nxd8 35. b3 Nb7 36. a4 b4 $5 {
×åì áëèæå êîíòðîëü, òåì îñòðåå ñèòóàöèÿ.} ({
Áîëåå ñïîêîéíûì êàæåòñÿ òàêîé ïëàí -} 36... g4 $5 37. Kf2 Kg5 38. Ne4+ Kf5 39.
Ke3 h6 $1 {è ò.ä.}) 37. Kd2 Na5 38. Kd3 c5 $1 $19 ({Â ëîâóøêó} 38... Nxb3 $2
39. Kc4 {Àëåêñåé Øèðîâ, ÿ äóìàþ, íå ïîïàä¸òñÿ è â ïóëå!} {(} Na5+ 40. Kxb4 Nb7
41. a5 {).}) 39. Ne4 (39. Kc2 g4 {è ò.ä.}) 39... Nxb3 40. Nxf6 ({
Íèêàêèõ êîíòðøàíñîâ íå íàáëþäàåòñÿ è ïîñëå} 40. Kc4 f5 $1 41. Kxb3 ({èëè} 41.
Ng3 Na5+ 42. Kxc5 b3) 41... fxe4 42. a5 e3 43. a6 e2 44. a7 e1=Q 45. a8=Q Qc3+
46. Ka2 b3+ ({èëè ïî-ïðîñòîìó -} 46... Qa3+) 47. Ka3 Qa1+) 40... Na5 {
Êîíòðîëü ïðîø¸ë, öåéòíîòíàÿ ñóìàòîõà óëåãëàñü. Âñ¸ ÿñíî. Øèðîâ óñòðåìèëñÿ â
ïîãîíþ çà} 41. Kc2 c4 42. Nd5 (42. Kd2 c3+ 43. Kc2 Nc6 $18) 42... Nc6 43. Ne3
({Èëè} 43. a5 b3+ 44. Kc3 Nxa5 45. Kb4 Kxh5 46. Kxa5 Kh4 47. Kb4 Kh3 $19) 43...
c3 44. Nd5 Kxh5 45. Nxb4 Nxb4+ 46. Kxc3 Na6 47. Kc4 Kh4 0-1

[Event "Tal Memorial"]
[Site "Moscow"]
[Date "2007.11.17"]
[Round "7"]
[White "GM Carlsen, Magnus(NOR)"]
[Black "GM Gelfand, Boris(ISR)"]
[Result "1/2-1/2"]
[WhiteElo "2714"]
[BlackElo "2736"]
[Annotator "Ëåáåäåâ Âàñèëèé"]
[PlyCount "74"]
[EventDate "2007.11.17"]

1. c4 e5 2. g3 Nf6 3. Bg2 d5 4. cxd5 Nxd5 5. Nf3 Nc6 6. O-O Be7 7. d4 e4 8. Ne5
f5 9. Nxc6 bxc6 10. Nc3 O-O 11. f3 (11. Qa4 $145) 11... exf3 12. exf3 (12. Bxf3
Be6 13. e4) 12... Bf6 ({
Àíàëèòèêè-òåîðåòèêè ëþáÿò äàâàòü äåáþòíûå ñîâåòû. Íå óäåðæóñü îò îäíîé è ÿ -
} 12... f4 $5 13. Nxd5 Qxd5 14. Bxf4 $140 Rxf4 $5 15. gxf4 Bf6 {è ò.ä.}) 13.
Re1 $146 ({Â åäèíñòâåííîé ïàðòèè-ïðåäøåñòâåííèöå ïîñëå} 13. Nxd5 Qxd5 14. Be3 {
÷¸ðíûå ñðàçó ñûãðàëè íà ïåðåõâàò -} f4 $1 $36 {
, è â êîíöå êîíöîâ, äîáèëèñü ïîáåäû:} 15. Bxf4 Bxd4+ 16. Kh1 Ba6 17. Re1 Rae8
18. Qd2 Bf6 19. Red1 Re2 20. Qxd5+ cxd5 21. Bf1 Bxb2 22. Rab1 Bf6 23. a3 Re6
24. Bh3 Re7 25. Rxd5 Rfe8 26. Bd2 Bc4 27. Rc5 Bd3 28. Rb3 Ba6 29. Rc1 Bd4 30.
Rbb1 c5 31. Bf1 Bxf1 32. Rxf1 Re2 {
(0-1 Qi Jingxuan (2450) - Xu Yang/Beijing 1993).}) 13... Rb8 {È êàê òåïåðü
áåëûì ðàçâèâàòü ôåðçåâûé ôëàíã? ßñíîå äåëî, äåáþò çàêîí÷èëñÿ ÿâíî íå â èõ
ïîëüçó.} 14. f4 {Êëåòêà äëÿ ñâîåãî ÷åðíîïîëüíîãî ñëîíà ñîîðóæåíà íà äèâî
ïðî÷íàÿ. Êòî áû ìîã ïîäóìàòü...Íî íå áóäó çàáåãàòü âïåð¸ä.} Rb4 15. Nxd5 cxd5
16. Be3 {Âîò âèäèòå, óæå ïðèõîäèòñÿ îòäàâàòü ïåøêó.} Rxb2 17. Qa4 a6 {
Òîëüêî ÷òî âûèãðàííóþ ïåøêó îòäàâàòü îáðàòíî íå õî÷åòñÿ...} (17... Qd6 $5
18. Qxa7 Ba6 19. Reb1 Re2 20. Re1 Re8 $36) 18. Rab1 Rxb1 19. Rxb1 Qd6 {
Êàê æå ñìîã ñïàñòè ýòó ïîçèöèþ Ìàãíóñ?! Âåäü óæå ÷åðåç ïàðó õîäîâ...} 20. Rc1
Bd7 21. Qa5 {...âûÿñíÿåòñÿ, ÷òî ñîõðàíèòü ëèøíèé ìàòåðèàë íå óäà¸òñÿ.
Íàâåðíîå, ïåðâîíà÷àëüíîå âïå÷àòëåíèå î ïîçèöèè áûëî îáìàí÷èâûì.} Bb5 ({
Âïîëíå ìîæåò îêàçàòüñÿ, ÷òî îòäàâàòü íàãðàáëåííîå íàçàä ñëåäîâàëî äðóãèì
ñïîñîáîì:} 21... c6 $5 22. Qxa6 Re8 23. Bf2 Qb4 $36) 22. Qxc7 $11 Qxc7 23. Rxc7
Bc4 24. Rc5 Bxa2 {
Òàêèì îáðàçîì ÷¸ðíûå ïðèäàþò äîïîëíèòåëüíîå óñêîðåíèå êðàéíåé ïðîõîäíîé.} 25.
Bxd5+ Bxd5 26. Rxd5 Ra8 $1 27. Rxf5 a5 {Ïîïðîáóé äîãîíè!} 28. Rc5 a4 29. Rc2 a3
30. Ra2 {Óôô!} Kf7 {
Ñ èäååé ïðîçðà÷íîé, êàê ñëåçà ìëàäåíöà, - Êðf7-e6-d5-c4-b3. È ïîáåäà!} 31. f5
({Ïîñëå} 31. Kf2 Ke6 32. Ke2 Kd5 33. Kd3 {áåëûå óñïåâàëè âîâðåìÿ âñòðåòèòü ÷¸ðíîãî
 êîðîëÿ, íî, óæ, ñëèøêîì ýòî ïàññèâíî. Íî, áûòü ìîæåò, ýòî è áûëî ñàìûì
êðåïêèì è íàä¸æíûì.}) 31... g6 {Íå ïî äóøå ìíå ýòîò õîä. À íå íðàâèòñÿ îí ìíå
ïî îäíîé ïðè÷èíå: òàêèì îáðàçîì óìåíüøàåòñÿ êîëè÷åñòâà ìàòåðèàëà íà äîñêå,
ïîñëå ÷åãî áåëûå, êàê ìíå êàæåòñÿ, ìîãóò â óäîáíûé ìîìåíò «ñêèíóòü» ñëîíà
çà ïåøêó «à», ðàçìåíÿòü ïîñëåäíåãî ïåõîòèíöà ÷¸ðíûõ è ãîòîâèòüñÿ ê íè÷üåé.}
({Ïóò¸ì} 31... Be7 $5 {÷¸ðíûå à) ñîõðàíÿëè ÄÂÅ ïåøêè íà êîðîëåâñêîì ôëàíãå è
á) àêòèâèçèðîâàëè ñâîþ ëàäüþ. Ê ïðèìåðó -} 32. Kf2 Rb8 33. Bc1 h5 $1 34. Ke2
(34. h3 Rb3) (34. Bxa3 Ra8) 34... Rb3 {, ïîñëå ÷åãî ïðèñòóïàëè ê ïîñòåïåííîé
«çà÷èñòêå òåððèòîðèè». È äóìàåòñÿ, íåäîëãî òóò îñòàëîñü áåëûì
«áàõâàëèòüñÿ» ñâîèì ìàòåðèàëüíûì ïåðåâåñîì}) 32. fxg6+ hxg6 33. Kg2 Ke6 34.
Bc1 Be7 35. h4 {Ïîáåæàëè íà ðàçìåí.} Kd5 36. g4 Kc4 (36... Kxd4 37. h5 $1 ({
âðîäå, íå ïðîèãðûâàþò áåëûå è ïîñëå} 37. g5) 37... g5 (37... gxh5 38. gxh5 $11
) 38. h6 Rh8 39. Bxa3 Ra8 $4 (39... Bxa3 40. Rxa3 Rxh6 $11) 40. Bb2+) 37. g5 {
Ìàãíóñ ôèêñèðóåò ïåøêó íà áåëîì ïîëå, ÷òîáû áûëî ëåã÷å â äàëüíåéøåì «ïîäáèâàòü
 ê íåé êëèíüÿ».} Kxd4 ({Åñëè} 37... Kb3 {, òî, ðàçóìååòñÿ, } 38. Bxa3 $3 Bxa3
$140 39. Rf2 Kc4 40. Rf7 Rg8 41. Rh7 Kxd4 42. h5 $11) ({È òàê, êàê ïîñëå} 37...
Kxd4 38. Bxa3 $1 Rxa3 $140 39. Rxa3 Bxa3 40. h5 $1 {
ñëîí îêàçûâàåòñÿ «íå òîãî öâåòà», ïîñëåäîâàëî ñîãëàøåíèå íà íè÷üþ.}) 1/2-1/2